| 000 | 01007nas a2200313 4500 | ||
|---|---|---|---|
| 001 | BR2013005864 | ||
| 003 | BR-BrBNA | ||
| 005 | 20231205122719.0 | ||
| 007 | ta | ||
| 008 | 230509b bl.|||p| |||| 00| 00por d | ||
| 040 |
_aBR-BrBNA _bpor _cBiblioteca Nacional de Agricultura |
||
| 041 | _a(Pt) | ||
| 072 | _aL01; N10; P40 | ||
| 100 | 1 | _aOliveira, F.A. de | |
| 100 | 1 | _aTurco, S.H.N. | |
| 100 | 1 | _aAraújo, G.G.L. de | |
| 100 | 1 | _aClemente, C.A.A. | |
| 100 | 1 | _aVoltolini, T.V. | |
| 100 | 1 | _aGarrido, M.S. | |
| 245 | 1 | _aComportamento de ovinos da raça Santa Inês em ambientes com e sem disponibilidade de sombra | |
| 650 | _aSOMBREAMENTO | ||
| 650 | _aPASTEJO | ||
| 650 | _aRUMINAÇÃO | ||
| 650 | _aMETEREOLOGIA | ||
| 773 | 0 |
_tRevista Brasileira de Engenharia Agrícola e Ambiental (Brazil) _xISSN 1807-1929 _g(Mar 2013), v. 17(3) p. 346-351 _wBR2013005864 |
|
| 856 | 4 | 0 | _uhttp://www.scielo.br/pdf/rbeaa/v17n3/15.pdf |
| 909 |
_a202311 _bLúcia _c55 _dLúcia Elande |
||
| 942 |
_2AGRIS _n0 _cANA |
||
| 999 |
_c230127 _d230127 |
||